000
00277nam a22001337a 4500
008
171030b xxu||||| |||| 00| 0 eng d
020
_a
9780071629959
041
_a
eng
080
_a
33
100
_a
58
101
_a
BUS
245
_a
E-HABITS
_c
CHARNOCK,E
942
_2
udc
_c
BK
999
_c
36476
_d
36476